000 00519nam a2200157 4500
008 020326s1986 ph engYA
020 _a1850780986
090 _aBV2626.4
_b.M37
_bM38
100 1 _aMasood, Steven
245 1 0 _aInto the light :
_ba young Muslim's search for truth /
_cSteven Masood.
260 _aTaguig :
_bGlobal Challenge,
_cc1986.
300 _a157 p.
650 4 _aChristian converts from Islam.
951 _p24797
_x00026872
_oBV2626.4/.M37/M38
_j070613111054828
_d2000-12-21
_cFIL
999 _c7085
_d7085